Catálogo

LAS RELACIONES ENTRE EL ESTADO Y LA IGLESIA CATOLICA (Registro nro. 58795)

Detalles MARC
000 -LEADER
fixed length control field 00634nam a2200193 a 4500
001 - CONTROL NUMBER
control field 58795
005 - DATE AND TIME OF LATEST TRANSACTION
control field 20180714055531.0
008 - FIXED-LENGTH DATA ELEMENTS--GENERAL INFORMATION
fixed length control field 140415s2012 mx 000 0 spa d
020 ## - INTERNATIONAL STANDARD BOOK NUMBER
International Standard Book Number 9786077592877
041 ## - LANGUAGE CODE
Language code of text/sound track or separate title spa
082 ## - DEWEY DECIMAL CLASSIFICATION NUMBER
Classification number 262.91
Item number REY
100 1# - MAIN ENTRY--PERSONAL NAME
Personal name REYNOSO CERVANTES, LUIS
245 14 - TITLE STATEMENT
Title LAS RELACIONES ENTRE EL ESTADO Y LA IGLESIA CATOLICA
250 ## - EDITION STATEMENT
Edition statement 2a ed.
260 ## - PUBLICATION, DISTRIBUTION, ETC.
Place of publication, distribution, etc. MEXICO :
Name of publisher, distributor, etc. IMDOSOC,
Date of publication, distribution, etc. 2012
300 ## - PHYSICAL DESCRIPTION
Extent 56
Dimensions x 21.5
490 ## - SERIES STATEMENT
Series statement COL. ARCHIVO MOTOLINIA
650 14 - SUBJECT ADDED ENTRY--TOPICAL TERM
Topical term or geographic name entry element LIBERTAD RELIGIOSA
General subdivision RELIGION Y SOCIOLOGIA
-- RELIGION
-- HISTORIA
-- MEXICO
-- IGLESIA Y PROBLEMAS SOCIALES MEXICO HISTORIA SIGLO XX
Existencias
Withdrawn status Lost status Source of classification or shelving scheme Damaged status Not for loan Collection code Home library Current library Shelving location Date acquired Source of acquisition Inventory number Total Checkouts Full call number Barcode Date last seen Price effective from Koha item type
    Dewey Decimal Classification   Consulta en sala Archivo Motolinia Biblioteca Karol Wojtyla Biblioteca Karol Wojtyla Sala "Colecciones Especiales" 03/12/2013 Compra 151000000000000000082444   262.91 REY 88964 05/01/2026 03/12/2013 Libro